| Tag |
First Indicator |
Second Indicator |
Subfields |
| LEADER |
00000nam a2200000Ia 4500 |
| 001 |
in00004337813 |
| 005 |
20200812094316.0 |
| 006 |
m g d |
| 007 |
cr bn |||a|bb| |
| 008 |
100521s1647 enk o 000 0 eng d |
| 040 |
|
|
|a UMI
|c UMI
|e dcrb
|
| 035 |
|
|
|a (OCoLC)625248250
|
| 037 |
|
|
|a CL0037000133
|b ProQuest, 789 E. Eisenhower Parkway, Ann Arbor, MI 48108-3218
|
| 043 |
|
|
|a e-uk-en
|a e-uk-wl
|
| 090 |
|
|
|a BX5165
|b .A33 1647
|
| 049 |
|
|
|a UMIA
|
| 110 |
1 |
|
|a England and Wales.
|b Parliament.
|
| 245 |
1 |
3 |
|a An additionall ordinance of the Lords and Commons assembled in Parliament :
|b for the true payment of tythes, and other duties.
|
| 260 |
|
|
|a London :
|b Printed for John Wright at the Kings Head in the Old Bayley,
|c 1647.
|
| 300 |
|
|
|a 1 online resource ([3], 5 pages)
|
| 336 |
|
|
|a text
|b txt
|2 rdacontent
|
| 337 |
|
|
|a computer
|b c
|2 rdamedia
|
| 338 |
|
|
|a online resource
|b cr
|2 rdacarrier
|
| 500 |
|
|
|a Headpiece, initial.
|
| 500 |
|
|
|a Reproduction of original in: Cambridge University Library.
|
| 510 |
4 |
|
|a Wing (2nd edition),
|c E1182A
|
| 533 |
|
|
|a Electronic reproduction.
|b Ann Arbor, Mich. :
|c UMI,
|d 1999-
|f (Early English books online)
|n Digital version of: (Early English Books, 1641-1700 ; 2967:23)
|7 s1999 miun s
|
| 650 |
|
0 |
|a Tithes
|z England
|v Early works to 1800.
|
| 650 |
|
0 |
|a Tithes
|z Wales
|v Early works to 1800.
|
| 830 |
|
0 |
|a Early English books online.
|
| 856 |
4 |
0 |
|u http://proxy.library.tamu.edu/login?url=https://search.proquest.com/docview/2240886319
|z Connect to the full text of this electronic book
|t 0
|
| 994 |
|
|
|a 02
|b UMI
|
| 999 |
f |
f |
|s 9f1f1de7-bd12-38f2-90db-b02098165f51
|i aa09a9b3-af87-3fc5-b602-8799c7acca80
|t 0
|
| 952 |
f |
f |
|a Texas A&M University
|b College Station
|c Electronic Resources
|d Available Online
|t 0
|e BX5165 .A33 1647
|h Library of Congress classification
|
| 998 |
f |
f |
|a BX5165 .A33 1647
|t 0
|l Available Online
|